书目信息 |
| 题名: |
市场经营
|
|
| 作者: | 姜志辉 编著 | |
| 分册: | ||
| 出版信息: | 北京 农业出版社 1987 |
|
| 页数: | 165页 | |
| 开本: | 20cm | |
| 丛书名: | 乡镇企业经营管理人员培训丛书 | |
| 单 册: | ||
| 中图分类: | F713.5 | |
| 科图分类: | ||
| 主题词: | 市场经营学 | |
| 电子资源: | ||
| ISBN: | ||
| 000 | 00675nam2 2200253 45 | |
| 001 | 0187003449 | |
| 005 | 20060808171652.00 | |
| 010 | @dCNY1.20 | |
| 091 | @aCN@b4144.685 | |
| 100 | @a19900808d1987 em y0chiy0121 ea | |
| 101 | 0 | @achi |
| 102 | @aCN@b110000 | |
| 105 | @ay z 000yy | |
| 200 | 10 | @a市场经营@Ashi chang jing ying@f姜志辉编著 |
| 210 | @a北京@c农业出版社@d1987 | |
| 215 | @a165页@d20cm | |
| 225 | 2 | @a乡镇企业经营管理人员培训丛书 |
| 410 | 0 | @120010@a乡镇企业经营管理人员培训丛书 |
| 606 | @a市场经营学 | |
| 690 | @aF713.5@v3 | |
| 701 | 0 | @a姜志辉@Ajiang zhi hui@4编著 |
| 801 | 2 | @aCN@bNLC@c20060808 |
| 801 | 0 | @aCN@bTSSF |
| 905 | @a10447@dF713.5@e123 | |
| 市场经营/姜志辉编著.-北京:农业出版社,1987 |
| 165页;20cm.-(乡镇企业经营管理人员培训丛书) |
| ISBN :CNY1.20 |
| ● |
| 相关链接 |
|
|
|
|
正题名:市场经营
索取号:F713.5/123
 
预约/预借
| 序号 | 登录号 | 条形码 | 馆藏地/架位号 | 状态 | 备注 |
| 1 | 0447512 | 204475120 | 密集书库/ [索取号:F713.5/123] | 在馆 | |
| 2 | 0447513 | 204475139 | 密集书库/ [索取号:F713.5/123] | 在馆 | |
| 3 | 0447514 | 204475148 | 密集书库/ [索取号:F713.5/123] | 在馆 | |
| 4 | 0447515 | 204475157 | 密集书库/ [索取号:F713.5/123] | 在馆 |